00625nam a2200217Ia 4500008004100000041001200041082001000053082001100063100001500074100001100089245005100100250001200151260001600163260003100179260000900210300001500219650002900234942000700263999001900270952011800289150909s9999 xx 000 0 und d aEnglish a631.3 bHAL/PR aHakk C W  eAuthor aProcessing equipment for agricultural products a2nd Ed. aConnecticut bAvi Publishing company Inc c1979 a294 Pages aAgricultural engineering cBK c230060d230060 00104070aKAUCOAbKAUCOAd2015-09-16l0o631.3 HAL/PRpKAU-COA-12547 r2015-09-16 00:00:00w2015-09-16yBK